000 00556nam a2200217Ia 4500
003 LK-CoDNM
005 20240307095736.0
008 010623t1934 xxu||||| |||| 00| 1 sin d
040 _aLK-CoDNM
_dLK-CoDNM
_eLK-CoDNM
041 _asin
080 _a104 AA4
100 _aManamperi,D.B
245 _aශ්‍රී ලංකා ලෝකය
246 _aSri Lanka Lokaya
260 _bP.H.Peris
_aKandy
_c1934
300 _bDamaged
_a24p.,27 cm
650 _aBuddhanussathiya
650 _aKaalidaasa
650 _aSinhalese Grammer
942 _cBK
999 _c97469
_d97469